Statistics for Most Populated European Cities Ending In A Vowel

Click here to take the quiz!

General Stats

  • This quiz has been taken 55 times
  • The average score is 6 of 10

Answer Stats

PopAnswer% Correct
1.45 millBarcelona
98%
1.54 millVienna
92%
2.64 millRome
85%
1.13 millSofia
77%
1.19 millPrague
75%
1.59 millBelgrade
68%
963000Cologne
47%
1 millOdessa
30%
1 millUfa
17%
1.16 millSamara
15%

Score Distribution

Percentile by Number Answered

Percent of People with Each Score

Your Score History

You have not taken this quiz